|
|
|
|
| LEADER |
01259nam a2200241 a 4500 |
| 001 |
000027674 |
| 003 |
BD-DhAAL |
| 005 |
20140204120526.0 |
| 008 |
140204s2012 bg ar f0 a0ben d |
| 040 |
|
|
|a BD-DhAAL
|c BD-DhAAL
|
| 082 |
0 |
0 |
|a 332.10684
|2 22
|
| 999 |
|
|
|c 14154
|d 14154
|
| 999 |
|
|
|c 14154
|
| 999 |
|
|
|c 12886
|
| 245 |
0 |
0 |
|a ব্যাংক-বীমা ও আর্থিক প্রতিষ্ঠানসমূহের কার্যক্রম: ২০১২-২০১৩
|
| 260 |
|
|
|a ঢাকা :
|b অর্থ মন্ত্রণালয়, গণপ্রজাতন্ত্রী বাংলাদেশ সরকার,
|c ২০১৩
|
| 300 |
|
|
|a iii, ৩১৬ পৃ. ;
|c ২৮ সে.মি.
|
| 541 |
1 |
|
|e 27674
|
| 650 |
|
0 |
|a Financial services industry
|9 3783
|
| 710 |
2 |
|
|a গণপ্রজাতন্ত্রী বাংলাদেশ সরকার.
|b ব্যাংক ও আর্থিক প্রতিষ্ঠান বিভাগ, অর্থমন্ত্রণালয়.
|9 3784
|
| 852 |
1 |
|
|a Ayesha Abed Library
|j General shelf
|
| 942 |
|
|
|2 ddc
|c BK
|
| 952 |
|
|
|0 0
|1 0
|2 ddc
|4 0
|6 332_106840000000000_BAN
|7 0
|9 23866
|a BRACUL
|b BRACUL
|c GEN
|d 2014-02-04
|l 0
|o 332.10684 BAN
|p 3010027674
|r 2014-02-04
|t 1
|w 2014-02-04
|y BK
|